Estatísticas para ELENCO PALMEIRAS 2022

Clique aqui para jogar o quiz

Estatísticas Gerais

  • Esse quiz foi jogado 488 vezes
    (374 desde o último reset)
  • A pontuação média é 19 de 25

Estatísticas das Respostas

NUM. CAMISANOME% Correto
21WEVERTON
99%
7DUDU
97%
23RAPHAEL VEIGA
97%
10RONY
95%
15GUSTAVO GOMEZ
92%
14GUSTAVO SCARPA
91%
2MARCOS ROCHA
90%
22PIQUEREZ
90%
26MURILO
88%
8ZÉ RAFAEL
88%
13LUAN
84%
42MARCELO LOMBA
82%
12MAYKE
79%
25GABRIEL MENINO
78%
28DANILO
74%
19BRENO LOPES
64%
30JAILSON
61%
9
MIGUEL MERENTIEL
56%
18FLACO LÓPEZ
55%
29RAFAEL NAVARRO
52%
1VINICIUS SILVESTRE
52%
11WESLEY
51%
20ATUESTA
50%
6JORGE
48%
4KUSCEVIC
41%

Distribuição das Pontuações

Percentil de Números Respondidos

Porcentagem de Pessoas com Cada Pontuação

Sua Pontuação Histórica

Você não jogou esse quiz desde o último reset